Sustainable Tourism Development Based on Cultural Heritage in Adjara Region

Bibliographic Details
Main Author: Tsintskiladze Miranda
Other Authors: Formádi Dr. Katalin Klaudia
Format: Thesis
Kulcsszavak:Sustainability
Cultural Tourism
Heritage tourism
Online Access:http://dolgozattar.uni-bge.hu/15936

MARC

LEADER 00000nta a2200000 i 4500
001 dolg15936
005 20180919155237.0
008 180514suuuu hu om 000 eng d
040 |a BGE Dolgozattár Repozitórium  |b hun 
041 |a en 
100 1 |a Tsintskiladze Miranda 
245 1 0 |a Sustainable Tourism Development Based on Cultural Heritage in Adjara Region  |c Tsintskiladze Miranda  |h [elektronikus dokumentum] 
246 1 1 |a Sustainable Tourism Development Based on Cultural Heritage in Adjara Region 
695 |a Sustainability 
695 |a Cultural Tourism  
695 |a Heritage tourism 
700 1 |a Formádi Dr. Katalin Klaudia  |e ths 
856 4 0 |u http://dolgozattar.uni-bge.hu/15936/1/THESIS_MIRANDA-TSINTSKILADZE.pdf  |z Dokumentum-elérés